Ética en las organizaciones: Construyendo confianza / Manuel Guillen Parra, (Registro nro. 27419)
[ vista simple ]
| 000 -LÍDER | |
|---|---|
| fixed length control field | 00464nam a2200157 4500 |
| 020 ## - NÚMERO INTERNACIONAL NORMALIZADO PARA LIBROS | |
| ISBN | 978-84-205-4622-3 |
| 050 ## - SIGNATURA TOPOGRAFICA DE LA BIBLIOTECA DEL CONGRESO (LC) | |
| Número de Clasificación | HF5387 G85 2006 |
| 082 ## - NUMERO DE CLASIFICACION DECIMAL DEWEY | |
| Número de Clasificación | 174.4 G958e 2006 |
| 100 ## - ASIENTO PRINCIPAL--NOMBRE PERSONAL | |
| Nombre personal | Guill‚n Parra, Manuel |
| 245 ## - TÍTULO | |
| Título | Ética en las organizaciones: Construyendo confianza / Manuel Guillen Parra, |
| 250 ## - MENCIÓN DE EDICIÓN | |
| Mención de edición | 1 |
| 260 ## - PUBLICACIÓN, DISTRIBUCIÓN, ETC. (PIE DE IMPRENTA) | |
| Lugar de publicación, distribución, etc. | Madrid: Pearson |
| 300 ## - DESCRIPCIÓN FÍSICA | |
| Extensión | xxiv, 357 p. / 24 cm. |
| 500 ## - NOTA GENERAL | |
| Nota general | Incluye: Ap‚ndice, Glosario |
| 650 ## - ASIENTO SECUNDARIO DE MATERIA - TERMINO TEMÁTICO | |
| Término temático o nombre geográfico como elemento de entrada | 1. ÉTICA DE LOS NEGOCIOS |
| No. biblioteca | No. biblioteca | Número de clasificación | Código de barras/Número de adquisición | Número de copia | Tipo de material | Otras carreras |
|---|---|---|---|---|---|---|
| AREA DE ADMINISTRACIÓN | AREA DE ADMINISTRACIÓN | 174.4 G958e 2006 | 52093 | 1 | Libros | |
| AREA DE ADMINISTRACIÓN | AREA DE ADMINISTRACIÓN | 174.4 G958e 2006 | 52094 | 2 | Libros | |
| AREA DE ADMINISTRACIÓN | AREA DE ADMINISTRACIÓN | 174.4 G958e 2006 | 52095 | 3 | Libros | |
| AREA DE ADMINISTRACIÓN | AREA DE ADMINISTRACIÓN | 174.4 G958e 2006 | 52334 | 4 | Libros | |
| AREA DE ADMINISTRACIÓN | AREA DE ADMINISTRACIÓN | 174.4 G958e 2006 | 52335 | 5 | Libros | |
| AREA DE ADMINISTRACIÓN | AREA DE ADMINISTRACIÓN | 174.4 G958e 2006 | 52336 | 6 | Libros | |
| AREA DE ADMINISTRACIÓN | AREA DE ADMINISTRACIÓN | 174.4 G958e 2006 | 52338 | 8 | Libros | |
| AREA DE ADMINISTRACIÓN | AREA DE ADMINISTRACIÓN | 174.4 G958e 2006 | 53895 | 9 | LUIS G. INCLAN | |
| AREA DE ADMINISTRACIÓN | AREA DE ADMINISTRACIÓN | 174.4 G958e 2006 | 53896 | 10 | LUIS G. INCLAN | |
| AREA DE ADMINISTRACIÓN | AREA DE ADMINISTRACIÓN | 174.4 G958e 2006 | 53897 | 11 | LUIS G. INCLAN | |
| AREA DE ADMINISTRACIÓN | AREA DE ADMINISTRACIÓN | 174.4 G958e 2006 | 54315 | 12 | Libros | LUIS G. INCLAN |
| AREA DE ADMINISTRACIÓN | AREA DE ADMINISTRACIÓN | 174.4 G958e 2006 | 54316 | 13 | Libros | LUIS G. INCLAN |
| AREA DE ADMINISTRACIÓN | AREA DE ADMINISTRACIÓN | 174.4 G958e 2006 | 54317 | 14 | Libros | LUIS G. INCLAN |
| AREA DE ADMINISTRACIÓN | LUIS G. INCLAN | 174.4 G958e 2006 | 52337 | 7 | Libros |
